आधुनिक हिंदी नाटक संवेदना और रंगशिल्प के नए आयाम / (Record no. 113087)

MARC details
000 -LEADER
fixed length control field 01126nam a22002537a 4500
005 - DATE AND TIME OF LATEST TRANSACTION
control field 20170124102948.0
010 ## - LIBRARY OF CONGRESS CONTROL NUMBER
LC control number A-963110
020 ## - INTERNATIONAL STANDARD BOOK NUMBER
Terms of availability 150.00
International Standard Book Number 8185671893
035 ## - SYSTEM CONTROL NUMBER
System control number A-963110
037 ## - SOURCE OF ACQUISITION
Source of stock number/acquisition Cen Lib/Ret
040 ## - CATALOGING SOURCE
Original cataloging agency DPL
Language of cataloging HN
082 ## - DEWEY DECIMAL CLASSIFICATION NUMBER
Classification number 822.08
Item number कथुरी
100 ## - MAIN ENTRY--PERSONAL NAME
Personal name कथूरिया, सुन्दरलाल
9 (RLIN) 44529
245 ## - TITLE STATEMENT
Title आधुनिक हिंदी नाटक संवेदना और रंगशिल्प के नए आयाम /
Statement of responsibility, etc सुन्दरलाल कथूरिया
246 ## - VARYING FORM OF TITLE
Title proper/short title Adhunik hindi natak samvedna rangshilp ke naye ayam /
Remainder of title by Mahesh Kumar
260 ## - PUBLICATION, DISTRIBUTION, ETC. (IMPRINT)
Name of publisher, distributor, etc भावना प्रकाशन
Date of publication, distribution, etc 1998
Place of publication, distribution, etc दिल्ली
270 ## - ADDRESS
City दिल्ली
Address १२६, पत्पर्गंज
Postal code 110091
300 ## - PHYSICAL DESCRIPTION
Extent 160पृ.
Dimensions 20सेमी(सजिल्द )
650 ## - SUBJECT ADDED ENTRY--TOPICAL TERM
Topical term or geographic name as entry element हिंदी साहित्य
General subdivision
Geographic subdivision
9 (RLIN) 50562
650 ## - SUBJECT ADDED ENTRY--TOPICAL TERM
Topical term or geographic name as entry element हिंदी नाटक
9 (RLIN) 50563
650 ## - SUBJECT ADDED ENTRY--TOPICAL TERM
Topical term or geographic name as entry element Hindi literature
9 (RLIN) 50564
650 ## - SUBJECT ADDED ENTRY--TOPICAL TERM
Topical term or geographic name as entry element Hindi drama
9 (RLIN) 50565
942 ## - ADDED ENTRY ELEMENTS (KOHA)
Source of classification or shelving scheme Dewey Decimal Classification
Koha item type Hindi Books
Classification part 822.08
Call number suffix कथुरी
Holdings
Withdrawn status Lost status Damaged status Not for loan Home library Current library Date acquired Source of acquisition Cost, normal purchase price Total Checkouts Full call number Barcode Date last seen Copy number Cost, replacement price Price effective from Koha item type
        Central Library Central Library 11/08/2015 Cen Lib/Ret 150.00   822.08 कथुरी A-963110 11/08/2015 1 150.00 11/08/2015 Hindi Books

© Delhi Public Library
Hit Counter
free hit counter